000 00800nam a22002297a 4500
005 20150225121720.0
008 140714b xxu||||| |||| 00| 0 Urdu d
010 _aUR-8679
020 q _c250.00
020 _c9789350733288
035 _aU-7234
037 _bDBAD/Pub.
040 _aDPL
_bUrdu
082 _a844
100 _aہا شمی خا و ر
245 _a‎ا د ب ا و ر قو می ز ند گی :مضا مين کا د و سر ا مجمو عہ
_cہا شمی خا و ر
246 _aAdab aur Qaumi Zindagi(Mazameen ka Dusra Majmua)
_bBy Dr.Khawar Hashmi
260 _aد ھلی
_bEducational Publishing House
_c2014
270 _a3108,Vakeel Street,Kucha Pandit,Lal Kuan
_b.Delhi
_e110006
300 _a244ص
_c22Cm (Hb)
942 _2ddc
_cUR
_e
_h844
_mہ ا ش
999 _c91893
_d91893